A Textbook of Organic Chemistry for BSc Student / (Record no. 193865)
[ view plain ]
| 000 -LEADER | |
|---|---|
| fixed length control field | 00849nam a22002177a 4500 |
| 005 - DATE AND TIME OF LATEST TRANSACTION | |
| control field | 20230127120033.0 |
| 010 ## - LCCN (DPL NO) | |
| LC control number | B-746597-599 E.N.A./7.11.22 |
| 020 ## - INTERNATIONAL STANDARD BOOK NUMBER | |
| International Standard Book Number | 9789352837304 |
| Terms of availability | 535.00 |
| 035 ## - SYSTEM CONTROL NUMBER | |
| System control number | B-746597-599 |
| 037 ## - SOURCE OF ACQUISITION | |
| Source of stock number/acquisition | Aakar |
| 082 ## - DEWEY DECIMAL CLASSIFICATION NUMBER | |
| Classification number | 547 |
| 100 ## - MAIN ENTRY--PERSONAL NAME | |
| Personal name | Bahl, Arun |
| 245 ## - TITLE STATEMENT | |
| Title | A Textbook of Organic Chemistry for BSc Student / |
| Statement of responsibility, etc | Arun Bahl and B.S. Bahl |
| 250 ## - EDITION STATEMENT | |
| Edition statement | 22nd |
| 260 ## - PUBLICATION, DISTRIBUTION, ETC. (IMPRINT) | |
| Place of publication, distribution, etc | New Delhi |
| Name of publisher, distributor, etc | S.Chand and Company Limited |
| Date of publication, distribution, etc | 2022 |
| 270 ## - ADDRESS | |
| Address | Block, B-1, house no.D-1, Ground Floor, Mohan co-operative industrial Estates |
| City | New Delhi |
| Postal code | 110044 |
| 300 ## - PHYSICAL DESCRIPTION | |
| Extent | 1108p |
| Dimensions | 24cm (pbk) |
| 700 ## - ADDED ENTRY--PERSONAL NAME | |
| Personal name | Bahl, B.S. |
| 942 ## - ADDED ENTRY ELEMENTS (KOHA) | |
| Source of classification or shelving scheme | Dewey Decimal Classification |
| Item type | English Books |
| Call number suffix | BAH |
| Classification part | 547 |
| Withdrawn status | Lost status | Not for loan | Collection code | Home library | Current library | Date acquired | Source of acquisition | Cost, normal purchase price | Full call number | Barcode | Copy number | Cost, replacement price | Koha item type |
|---|---|---|---|---|---|---|---|---|---|---|---|---|---|
| Non-fiction | Central Library | Central Library | 23/01/2023 | Aakar Books/I-2244/28.11.22/142/23.11.22/2.12.22 | 535.00 | 547 BAH | B-746597 | 1 | 535.00 | English Books | |||
| Non-fiction | Patel Nagar | Patel Nagar | 23/01/2023 | Aakar Books/I-2244/28.11.22/142/23.11.22/2.12.22 | 535.00 | 547 BAH | B-746598 | 1 | 535.00 | English Books | |||
| Non-fiction | Sarojini Nagar | Sarojini Nagar | 23/01/2023 | Aakar Books/I-2244/28.11.22/142/23.11.22/2.12.22 | 535.00 | 547 BAH | B-746599 | 1 | 535.00 | English Books |
